Recensions of the Quran (Record no. 425)

MARC details
000 -LEADER
fixed length control field 00569nam a2200241 a 4500
020 ## - INTERNATIONAL STANDARD BOOK NUMBER
ISBN
082 00 - DEWEY DECIMAL CLASSIFICATION NUMBER
Classification number 239
Author Cutter SEL3
100 ## - MAIN ENTRY--AUTHOR NAME
Author name Sell, Canon
245 ## - TITLE STATEMENT
Title Recensions of the Quran
260 ## - PUBLICATION, DISTRIBUTION, ETC. (IMPRINT)
Place of publication Madras
Name of publisher Christian Literature Society
Year of publication 1909
300 ## - PHYSICAL DESCRIPTION
Number of Pages 24p
500 ## - GENERAL NOTE
General note includes index and biblioraphy
505 2# - FORMATTED CONTENTS NOTE
Formatted contents note Arabic-Urdu
650 ## - SUBJECT ADDED ENTRY--TOPICAL TERM
Topical Term Apologetics
942 ## - ADDED ENTRY ELEMENTS (KOHA)
Koha item type Books
700 1# -
-- Sell, Canon
Holdings
Home library Current library Date acquired Cost, normal purchase price Full call number Accession Number Koha item type
Henry Martyn Institute Library Henry Martyn Institute Library 04/22/2016 100.00 239 SEL3 144 Archive Book
Henry Martyn Institute Library Henry Martyn Institute Library 04/22/2016 100.00 239 SEL3 145 Archive Book
Henry Martyn Institute Library Henry Martyn Institute Library 04/22/2016 100.00 239 SEL3 157 Archive Book
Henry Martyn Institute Library Henry Martyn Institute Library 04/22/2016 100.00 239 SEL3 158 Archive Book
Henry Martyn Institute Library Henry Martyn Institute Library 04/22/2016 100.00 239 SEL3 5933 E-Books
                   Copyright © 2026 | Henry Martyn Institute | Hyderabad | TS-500052 | INDIA | Implemented by hmi.edu.in
Hit-Count:

Powered by Koha